01338nam a2200193 a 450000100060000000300090000600800410001502000150005604000280007108200170009910000290011624500500014526000310019530000090022650508060023565000250104165000480106665000300111420851CO-ViMGA141112s2004 ck r 000 u spa d a9586534898 aCO-ViMGAbspacCO-ViMGA04a344.02 A735d1 aArenas Monsalve, Gerardo10aEl derecho colombiano de las seguridad social aBogotá : bLegis, c2006 a667p aIntroducción a la seguridad social El origen conceptual de la seguridad social, el origen institucional de la seguridad social, Aspectos generales de la seguridad social 39 - - Aproximación a la seguridad social en colombia Las etapas de la seguridad social en colombia, elementos constitucionales de la seguridad social en colombia 135 - - El sistema general de pesnsiones financiación de pensiones y regímenes pensionales en la ley 100 de 1.993 237 - - El sistema general de seguridad social en salud El modelo económico y jurídico del sistema de salud, los integrantes del sistema de salud 407 - - El sistema de riesgos profesionales Afiliación y cotizaciones en riesgos profesionales, La prevención del riesgo como elemento del sistema 597 - - El sistema de subsidio familiar 636 14aPENSIONES - COLOMBIA14aSEGURIDAD SOCIAL - LEGISLACION - COLOMBIANA14aSEGURIDAD SOCIAL COLOMBIA